Central Library and Information Centre
Sibsagar Girls' College, Sivasagar : Assam

POLITICAL THOUGHT OF HAROLD J. LASKI (Record no. 2741)

MARC details
000 -LEADER
fixed length control field 00420cam a2200169ua 4500
008 - FIXED-LENGTH DATA ELEMENTS--GENERAL INFORMATION
fixed length control field 160513n1984 II |||gr||||Z||||||eng
040 ## - CATALOGING SOURCE
Original cataloging agency MAIN
041 ## - LANGUAGE CODE
-- English
100 ## - MAIN ENTRY--PERSONAL NAME
Personal name SHARMA, G. N.
245 ## - TITLE STATEMENT
Title POLITICAL THOUGHT OF HAROLD J. LASKI
260 ## - PUBLICATION, DISTRIBUTION, ETC.
Place of publication, distribution, etc. NEW DELHI
Name of publisher, distributor, etc. STERLING PUBLISHERS
Date of publication, distribution, etc. 1984
300 ## - PHYSICAL DESCRIPTION
Extent 150:
Dimensions 20CM.
700 ## - ADDED ENTRY--PERSONAL NAME
Personal name SHARMA, G. N.,
Relator term AUT.
942 ## - ADDED ENTRY ELEMENTS (KOHA)
Koha item type Books
653 ## - INDEX TERM--UNCONTROLLED
Uncontrolled term POLITICAL THOUGHT
Holdings
Withdrawn status Lost status Source of classification or shelving scheme Damaged status Not for loan Collection code Home library Current library Shelving location Date acquired Barcode Date last seen Price effective from Koha item type Public note
Withdrawn   Dewey Decimal Classification     REFPSC Central Library and Information Centre Sibsagar Girls College Central Library and Information Centre Sibsagar Girls College Withdraw items 11.09.1989 10910 28.05.2023 28.05.2023 Books V
    Dewey Decimal Classification     TBPSC Central Library and Information Centre Sibsagar Girls College Central Library and Information Centre Sibsagar Girls College POLITICAL SC BOOK RACK 11.09.1989 10911 28.05.2023 28.05.2023 Books V


Sibsagar Girl's College © 2020. All rights reserved.
Powered by Koha.
Maintained by Abhijit Borpuzari.